| 000 -LEADER | |
|---|---|
| fixed length control field | 00400nam a22001697a 4500 |
| 005 - DATE AND TIME OF LATEST TRANSACTION | |
| control field | 20160629143936.0 |
| 008 - FIXED-LENGTH DATA ELEMENTS--GENERAL INFORMATION | |
| fixed length control field | 160629b xxu||||| |||| 00| 0 eng d |
| 020 ## - INTERNATIONAL STANDARD BOOK NUMBER | |
| ISBN | 978-93-5014-314-8 |
| 041 ## - LANGUAGE CODE | |
| Language code of text/sound track or separate title | eng |
| 082 ## - DEWEY DECIMAL CLASSIFICATION NUMBER | |
| Item number | 12405 |
| 100 ## - MAIN ENTRY--AUTHOR NAME | |
| Personal name | Gupta, J B |
| 245 ## - TITLE STATEMENT | |
| Title | Electronic Devices & Circuits |
| 260 ## - PUBLICATION, DISTRIBUTION, ETC. (IMPRINT) | |
| Name of publisher | Katson |
| Year of publication | 2012 |
| 300 ## - PHYSICAL DESCRIPTION | |
| Number of Pages | 1000 |
| 650 ## - SUBJECT ADDED ENTRY--TOPICAL TERM | |
| Topical Term | Diploma Engineering |
| 942 ## - ADDED ENTRY ELEMENTS (KOHA) | |
| Koha item type | Books |
| Lost status | Damaged status | Home library | Date acquired | Cost, normal purchase price | Full call number | Accession Number | Koha item type | Current library | Shelving location |
|---|---|---|---|---|---|---|---|---|---|
| JRU Library | 29/06/2016 | 475.00 | 621.381 5 | 12405 | Books | ||||
| JRU Library | 29/06/2016 | 475.00 | 12405 | 12406 | Books | ||||
| JRU Library | 29/06/2016 | 475.00 | 12405 | 12407 | Books | ||||
| JRU Library | 29/06/2016 | 475.00 | 12405 | 12408 | Books | SHELF-34-D | |||
| JRU Library | 29/06/2016 | 475.00 | 12405 | 12409 | Books | ||||
| JRU Library | 29/06/2016 | 475.00 | 12405 | 12410 | Books | ||||
| JRU Library | 29/06/2016 | 475.00 | 12405 | 12411 | Books | SHELF-34-C | |||
| JRU Library | 29/06/2016 | 475.00 | 12405 | 12412 | Books | ||||
| JRU Library | 29/06/2016 | 475.00 | 12405 | 12413 | Books | SHELF-34-B | |||
| JRU Library | 29/06/2016 | 475.00 | 12405 | 12414 | Books | ||||
| JRU Library | 29/06/2016 | 475.00 | 621.381 5 | 12415 | Books | ||||
| JRU Library | 29/06/2016 | 475.00 | 621.381 5 | 12416 | Books | ||||
| JRU Library | 29/06/2016 | 475.00 | 621.381 5 | 12417 | Books | ||||
| JRU Library | 29/06/2016 | 475.00 | 621.381 5 | 12418 | Books | SHELF-34-G | |||
| JRU Library | 29/06/2016 | 475.00 | 621.381 5 | 12419 | Books | SHELF-34-D | |||
| JRU Library | 29/06/2016 | 475.00 | 621.381 5 | 12420 | Books | SHELF-34-B | |||
| JRU Library | 29/06/2016 | 475.00 | 621.381 5 | 12421 | Books | ||||
| JRU Library | 29/06/2016 | 475.00 | 621.381 5 | 12422 | Books | SHELF-34-G | |||
| JRU Library | 29/06/2016 | 475.00 | 621.381 5 | 12423 | Books | ||||
| JRU Library | 29/06/2016 | 475.00 | 621.381 5 | 12424 | Books | ||||
| JRU Library | 29/06/2016 | 475.00 | 621.381 5 | 12425 | Books | ||||
| JRU Library | 29/06/2016 | 475.00 | 621.381 5 | 12426 | Books | ||||
| JRU Library | 29/06/2016 | 475.00 | 621.381 5 | 12427 | Books | SHELF-34-G | |||
| JRU Library | 29/06/2016 | 475.00 | 621.381 5 | 12428 | Books | ||||
| JRU Library | 29/06/2016 | 475.00 | 621.381 5 | 12429 | Books | ||||
| JRU Library | 29/06/2016 | 475.00 | 621.381 5 | 12430 | Books | ||||
| JRU Library | 29/06/2016 | 475.00 | 621.381 5 | 12431 | Books | SHELF-34-E | |||
| JRU Library | 29/06/2016 | 475.00 | 621.381 5 | 12432 | Books | SHELF-34-E | |||
| JRU Library | 29/06/2016 | 475.00 | 621.381 5 | 12433 | Books |